UM Logo

Fundamentals of electric circuits/ (Record no. 7082)

MARC details
000 -LEADER
fixed length control field 00661nam a22001937a 4500
008 - FIXED-LENGTH DATA ELEMENTS--GENERAL INFORMATION
fixed length control field 160922b xxu||||| |||| 00| 0 eng d
020 ## - INTERNATIONAL STANDARD BOOK NUMBER
International Standard Book Number 978-1-259-25132-0
082 ## - DEWEY DECIMAL CLASSIFICATION NUMBER
Edition number 2017
Classification number DC 621.31924
Item number Al26
100 ## - MAIN ENTRY--PERSONAL NAME
9 (RLIN) 21422
Personal name Alexander, Charles K.
245 ## - TITLE STATEMENT
Title Fundamentals of electric circuits/
Statement of responsibility, etc. Charles K. Alexander and Matthew N.O. Sadiku.
250 ## - EDITION STATEMENT
Edition statement Sixth Edition
260 ## - PUBLICATION, DISTRIBUTION, ETC. (IMPRINT)
Place of publication, distribution, etc. New York:
Name of publisher, distributor, etc. McGraw-Hill,
Date of publication, distribution, etc. c2017.
300 ## - PHYSICAL DESCRIPTION
Extent xxii, 903 pages (various paging):
Other physical details color illustrations ;
Dimensions 26 cm.
500 ## - GENERAL NOTE
General note Includes index.
650 #0 - SUBJECT ADDED ENTRY--TOPICAL TERM
9 (RLIN) 21423
Topical term or geographic name as entry element Electric circuits
700 ## - ADDED ENTRY--PERSONAL NAME
9 (RLIN) 21424
Personal name Sadiku, Matthew N.O.
365 ## - TRADE PRICE
Price amount 3,783.00
Currency code Php
942 ## - ADDED ENTRY ELEMENTS (KOHA)
Source of classification or shelving scheme Dewey Decimal Classification
Koha item type Circulation
Holdings
Withdrawn status Lost status Source of classification or shelving scheme Damaged status Not for loan Collection code Home library Current library Date acquired Source of acquisition Cost, normal purchase price Total Checkouts Full call number Barcode Date last seen Copy number Price effective from Koha item type Shelving location Date last checked out
    Dewey Decimal Classification     Circulation UM Digos College - LIC UM Digos College - LIC 07/17/2017 Purchased 3783.00   DC 621.31924 Al26 2017 24723 05/15/2025 1 07/25/2017 Circulation    
    Dewey Decimal Classification     Circulation UM Digos College - LIC UM Digos College - LIC 08/16/2018 Purchased 5150.00 4 DC 621.31924 Al26 2017 25218 05/15/2025 2 09/19/2018 Circulation Book Cart 03/02/2020